Boss Genshin Impact - Statistiques

Statistiques générales
  • Ce quiz a été pris 355 fois
    348 depuis la dernière actualisation
  • Le résultat moyen est 12 sur 28
Statistiques - réponses
Indice Réponse % Correct
Mondstadt Hypostase Anemo
77%
Mondstadt Hypostase Electro
72%
Inazuma Hypostase Pyro
70%
Liyue Hypostase Geo
69%
Mondstadt Hypostase Cryo
68%
Sumeru Hypostase Dendro
66%
Inazuma Hypostase Hydro
66%
Mondstadt Arbre Congelé
64%
Liyue Arbre Enflammé
64%
Liyue Tartaglia
63%
Mondstadt Stormterror
62%
Inazuma Narakumi no Mikoto la destructrice
57%
Inazuma Signora
46%
Liyue Océanide
45%
Sumeru Arbre Foudroyé
44%
Liyue Géosaure antique
40%
Mondstadt Loup du Nord, Seigneur du Territoire des loups
39%
Sumeru Pulsation akashienne et montée de la flamme de Kalpa
37%
Liyue Azhdaha
36%
Inazuma Lame Oni
29%
Inazuma Manifestation du tonnerre
27%
Inazuma Loup alpha doré
21%
Liyue Serpent des ruines
18%
Inazuma Matrice mécanique perpétuelle
16%
Sumeru Champieffroi panaché
13%
Sumeru Algorithme de semi-intransition matricaire d'observation en néo réseau
10%
Sumeru Dragon Cataclysmique
9%
Inazuma Harde d'Elementosaures abyssaux
9%
Aucun quiz correspondant
Distribution des résultats
% des personnes avec chaque résultat
Percentile par nombre de réponses
Votre historique - résultats
Vous n’avez pas pris ce quiz depuis la dernière actualisation